00996nam a2200289Ia 450000500170000000800390001702000180005610000260007424500580010025000220015830000580018049000160023853400130025465000480026765000480031565000490036365000360041265000370044870000260048570000310051126400300054233600270057233700330059933800280063204000350066008400110069520220317001358.0161108s2009 sp a g 000 j spa a97884963889701 aZimnik, Reinerd1930-13aLa grúacReiner Zimnik ; traducción Eva Almazán aPrimera edición a101 páginasbilustraciones en blanco y negroc24 cm aSieteleguas tDer Kran142LEMBaCuentos infantiles alemanesySiglo XX142LEMBaLiteratura infantil alemanaySiglo XX142LEMBaGrúas hidráulicas en la literatura142LEMBaAnimales en la literatura142LEMBaAventuras en la literatura1 aZimnik, Reinerd1930-1 aAlmazán, Evaetraductora aSevillabKalandrakac2009 atextobtxt2rdacontent asin mediaciónbn2rdamedia avolumenbnc2rdacarrier aCO-BoRNBPbspaerdacCO-BoRNBP aC ZIM1